000 02435cam a2200457 i 4500
999 _c57602
_d57602
001 20434413
005 20221105215231.0
008 180405s2017 nyua b 001 0 eng c
010 _a 2018300122
016 7 _a101703840
_2DNLM
020 _a9781259834400 1
_q(pbk. : acid-free paper)
020 _a1259834409
_q(acid-free paper)
035 _a(OCoLC)ocn948547621
041 _aeng
042 _apcc
080 _a616.8 B-46
082 0 0 _2
100 1 _aBerkowitz, Aaron,
_d1978-
_eauthor.
_99184
245 1 0 _aClinical neurology and neuroanatomy :
_ba localization-based approach /
_cAaron L. Berkowitz, MD, PhD, Assistant Professor of Neurology, Harvard Medical School, Brigham and Women's Hospital, Boston, Massachusetts.
264 1 _aNew York :
_bMcGraw-Hill Education,
_c[2017]
300 _axiii, 322 pages :
_billustrations (some color) ;
_c28 cm
336 _atext
_2rdacontent
337 _aunmediated
_bn
_2rdamedia
338 _avolume
_bcr
_2rdacarrier
500 _a"A Lange medical book."
504 _aIncludes bibliographical references and index.
520 _aClinical Neurology and Neuroanatomy delivers a clear, logical discussion of the complex relationship between neuroanatomical structure and function and neurologic disease. Written in an engagin, concise style, this unique text offers a succint overview of fundamental neuroanatomy and the clincal localization principles necessary to diagnose and treat patients with neurologic diseases. Unlike other neurology textbooks that either focus on neuroanatomy or clincal neurology, Clincal Neurology and Neuroanatomy integrates the two in a manner which simulates the way neurologists learn, teach, and think.--
_cProvided by publisher.
650 0 _aNeuroanatomy.
_98504
650 0 _aNeurology.
_98711
650 1 2 _aNervous System
_xanatomy & histology.
_0https://id.nlm.nih.gov/mesh/D009420Q000033
_99185
650 1 2 _aNervous System Diseases.
_0https://id.nlm.nih.gov/mesh/D009422
_99186
650 7 _aNeuroanatomy.
_2fast
_0(OCoLC)fst01036307
_98504
650 7 _aNeurology.
_2fast
_0(OCoLC)fst01036390
_98711
653 _aმედიცინა
653 _aნეონატალოგია
653 _aმედიცინა
653 _aნეიროლოგია
906 _a7
_bcbc
_cpccadap
_d2
_encip
_f20
_gy-gencatlg
942 _2udc
_cBK
955 _brl46 2018-04-05 z-processor
_irl46 2018-04-14 (OT) to Dewey